| 000 | 01338pam a2200349 a 4500 | ||
|---|---|---|---|
| 001 | 2857 | ||
| 005 | 20240117161132.0 | ||
| 020 |
_a0590222961 : _c$2.50 |
||
| 040 |
_aDLC _cDLC _dDLC _beng |
||
| 050 | 0 | 0 |
_aQK661.R45 _b 1995 |
| 082 | 0 | 0 | _a582.03 |
| 100 | 1 | _aRelf, Patricia | |
| 245 | 1 | 4 |
_aThe magic school bus plants seeds : _ba book about how living things grow / _cbased on the episode from the animated TV series produced by Scholastic Productions, Inc. ; based on The magic school bus series written by Joanna Cole and illustrated by Bruce Degen. |
| 250 | _aFirst Scholastic printing, February 1995 | ||
| 260 |
_aNew York : _bScholastic , _c1995 |
||
| 300 |
_a25 unnumbered pages : _bcolor illustrations ; _c21 cm. |
||
| 490 | _a The Magic School Bus TV Tie-In | ||
| 505 | _aG | ||
| 520 | _aMiss Frezzle's class plants a garden and travels via the magic school bus inside a flower. | ||
| 521 |
_a420
_bLexile |
||
| 521 |
_aG
_bRaz-Plus |
||
| 650 | 0 |
_aSeeds _xJuvenile literature. |
|
| 650 | 0 |
_aPollination _xJuvenile literature. |
|
| 650 | 0 |
_aPlant life cycles _xJuvenile literature. |
|
| 650 | 0 |
_aFlowers _xJuvenile literature. |
|
| 650 | 1 | _aSeeds. | |
| 650 | 1 | _aPlants. | |
| 700 | 1 | _aCole, Joanna. | |
| 700 | 1 | _aSpeirs, John. | |
| 906 |
_a7 _bcbc _corignew _d1 _eocip _f19 _gy-gencatlg |
||
| 942 |
_2ddc _cBK _n0 |
||
| 999 |
_c2857 _d2857 |
||